<?xml version="1.0" encoding="UTF-8"?>
<record
    xmlns:xsi="http://www.w3.org/2001/XMLSchema-instance"
    xsi:schemaLocation="http://www.loc.gov/MARC21/slim http://www.loc.gov/standards/marcxml/schema/MARC21slim.xsd"
    xmlns="http://www.loc.gov/MARC21/slim">

  <leader>03295cam a2200409 a 4500</leader>
  <datafield tag="952" ind1=" " ind2=" ">
    <subfield code="0">0</subfield>
    <subfield code="1">0</subfield>
    <subfield code="2">ddc</subfield>
    <subfield code="4">0</subfield>
    <subfield code="7">0</subfield>
    <subfield code="8">COMMERCE</subfield>
    <subfield code="a">MES</subfield>
    <subfield code="b">MES</subfield>
    <subfield code="c">COMM</subfield>
    <subfield code="d">2019-02-20</subfield>
    <subfield code="g">695.00</subfield>
    <subfield code="l">2</subfield>
    <subfield code="m">1</subfield>
    <subfield code="o">387.509165 GUP/W</subfield>
    <subfield code="p">26071</subfield>
    <subfield code="r">2026-03-31 13:38:22</subfield>
    <subfield code="s">2026-03-04</subfield>
    <subfield code="w">2019-02-20</subfield>
    <subfield code="y">BK</subfield>
    <subfield code="z">GL52R4</subfield>
  </datafield>
  <datafield tag="999" ind1=" " ind2=" ">
    <subfield code="c">20771</subfield>
    <subfield code="d">20771</subfield>
  </datafield>
  <controlfield tag="001">12532133</controlfield>
  <controlfield tag="003">OSt</controlfield>
  <controlfield tag="005">20200609151924.0</controlfield>
  <controlfield tag="008">010716s2001    ii b     b    001 0 eng  </controlfield>
  <datafield tag="010" ind1=" " ind2=" ">
    <subfield code="a">  2001361481</subfield>
  </datafield>
  <datafield tag="020" ind1=" " ind2=" ">
    <subfield code="a">0195650190</subfield>
  </datafield>
  <datafield tag="020" ind1=" " ind2=" ">
    <subfield code="a">9780195650198</subfield>
  </datafield>
  <datafield tag="025" ind1=" " ind2=" ">
    <subfield code="a">I-E-2001-361481; 60-92</subfield>
  </datafield>
  <datafield tag="035" ind1=" " ind2=" ">
    <subfield code="a">(DLC)  200136148</subfield>
  </datafield>
  <datafield tag="037" ind1=" " ind2=" ">
    <subfield code="b">Library of Congress -- New Delhi Field Office</subfield>
    <subfield code="c">Rs695.00</subfield>
  </datafield>
  <datafield tag="040" ind1=" " ind2=" ">
    <subfield code="a">DLC</subfield>
    <subfield code="c">oclc</subfield>
    <subfield code="d">DLC</subfield>
  </datafield>
  <datafield tag="042" ind1=" " ind2=" ">
    <subfield code="a">lcode</subfield>
  </datafield>
  <datafield tag="043" ind1=" " ind2=" ">
    <subfield code="a">i------</subfield>
  </datafield>
  <datafield tag="050" ind1="0" ind2="0">
    <subfield code="a">HF3785</subfield>
    <subfield code="b">.D374 2001</subfield>
  </datafield>
  <datafield tag="082" ind1="0" ind2="0">
    <subfield code="a">387.509165</subfield>
    <subfield code="b">GUP/W</subfield>
  </datafield>
  <datafield tag="100" ind1=" " ind2=" ">
    <subfield code="a">Gupta, Ashin Das </subfield>
    <subfield code="9">2706</subfield>
  </datafield>
  <datafield tag="245" ind1="1" ind2="4">
    <subfield code="a">The world of the Indian Ocean merchant, 1500-1800 :</subfield>
    <subfield code="b">collected essays of Ashin Das Gupta /</subfield>
    <subfield code="c">compiled by Uma Das Gupta.</subfield>
  </datafield>
  <datafield tag="260" ind1=" " ind2=" ">
    <subfield code="a">New Delhi ;</subfield>
    <subfield code="a">New York :</subfield>
    <subfield code="b">Oxford University Press,</subfield>
    <subfield code="c">c2001.</subfield>
  </datafield>
  <datafield tag="300" ind1=" " ind2=" ">
    <subfield code="a">511 p. :</subfield>
    <subfield code="c">.</subfield>
  </datafield>
  <datafield tag="504" ind1=" " ind2=" ">
    <subfield code="a">Includes bibliographical references and index.</subfield>
  </datafield>
  <datafield tag="505" ind1="8" ind2=" ">
    <subfield code="a">Machine generated contents note: PART I -- 1. The Maritime Merchant and Indian History -- 2. India and the Indian Ocean, c. 1500-1800: The Story -- 3 Indian Merchants and Trade in the Indian Ocean, c. -- 1500-1750 -- 4. The Maritime Merchant of India, c. 1500-1800 -- 5. Some Attitudes Among Eighteenth-century -- Merchants -- 6. The Changing Face of the Indian Maritime Merchant -- 7. Indian Merchants in the Age of Partnership, c. -- 1500-1800 -- 8. The Maritime City -- 9. Trade and Politics in Eighteenth-century India -- 10. The Indian Merchant and the Indian Ocean: -- 1500-1800 -- 11. India and the Indian Ocean in the Eighteenth -- Century -- 12. Europeans in India Before the Empire -- 13. The Moreland Hypothesis -- 14. The Vasco da Gama Epoch -- PART II -- 15. Some Problems of Reconstructing the History of -- India's West Coast from European Sources -- 16. India and the Western Indian Ocean at the Death of -- Akbar -- 17. Indian Merchants and the Western Indian Ocean: -- The Early Seventeenth Century -- 18. The Early Seventeenth-century Crisis in the Western -- Indian Ocean and the Rise of Gujarati Shipping in -- Early Eighteenth Century -- 19. The Merchants of Surat, c. 1700-1750 -- 20. A Note on the Ship-owning Merchants of Surat, c. -- 1700 -- 21. The Crisis in Surat, c. 1730-32 -- 22. Gujarati Merchants and the Red Sea Trade, -- 1700-1725 -- 23. The Broker in Mughal Surat, c. 1740 -- 24. Pieter Phoonsen of Surat, c. 1730-1740 -- 25. Malabar in c. 1740 -- 26. A Note on Out-Station Factories: Mocha Factory -- 27. Madras Commercial Records: An Experiment In -- Cuddalore -- 28. Studies in Madras Records: Trade in the Straits -- 29. Calcutta and the Indian Ocean in the Days of -- Rammohun Roy -- Bibliography -- Index.</subfield>
  </datafield>
  <datafield tag="650" ind1=" " ind2="0">
    <subfield code="a">Merchant ships</subfield>
    <subfield code="z">Indian Ocean</subfield>
    <subfield code="x">History.</subfield>
  </datafield>
  <datafield tag="650" ind1=" " ind2="0">
    <subfield code="a">Merchant marine</subfield>
    <subfield code="z">Indian Ocean</subfield>
    <subfield code="x">History.</subfield>
  </datafield>
  <datafield tag="650" ind1=" " ind2="0">
    <subfield code="a">Trade routes</subfield>
    <subfield code="z">Indian Ocean</subfield>
    <subfield code="x">History.</subfield>
  </datafield>
  <datafield tag="651" ind1=" " ind2="0">
    <subfield code="a">Indian Ocean</subfield>
    <subfield code="x">Commerce</subfield>
    <subfield code="x">History.</subfield>
  </datafield>
  <datafield tag="700" ind1="1" ind2=" ">
    <subfield code="a">Dasgupta, Uma.</subfield>
  </datafield>
  <datafield tag="856" ind1="4" ind2="1">
    <subfield code="3">Table of contents only</subfield>
    <subfield code="u">http://www.loc.gov/catdir/toc/fy02/2001361481.html</subfield>
  </datafield>
  <datafield tag="856" ind1="4" ind2="2">
    <subfield code="3">Publisher description</subfield>
    <subfield code="u">http://www.loc.gov/catdir/enhancements/fy0611/2001361481-d.html</subfield>
  </datafield>
  <datafield tag="906" ind1=" " ind2=" ">
    <subfield code="a">7</subfield>
    <subfield code="b">cbc</subfield>
    <subfield code="c">origode</subfield>
    <subfield code="d">3</subfield>
    <subfield code="e">ncip</subfield>
    <subfield code="f">20</subfield>
    <subfield code="g">y-gencatlg</subfield>
  </datafield>
  <datafield tag="942" ind1=" " ind2=" ">
    <subfield code="2">ddc</subfield>
    <subfield code="c">BK</subfield>
    <subfield code="h">387.509165</subfield>
    <subfield code="i">GUP/W</subfield>
    <subfield code="k">387.509165</subfield>
    <subfield code="m">GUP/W</subfield>
  </datafield>
</record>
